01283nam a22002057a 4500003000800000008004100008037002000049040003500069080001100104100002600115110015100141245019300292260014800485300001900633500016800652650005600820655002300876700002600899710015200925BI-BuBU231106b2023 bd frmmmm 000 0 fre d bDon de l'auteur aBI-BuBUbfrecBI-BuBUdBI-BuBU a519.141 4autaNdikuriyo, Egide 4autaUniversité du BurundibFaculté des Sciences, Département de Physique, Centre de recherche en Mathématique et physiquecBujumburaeaut1 aApproche des solutions des problèmes d'optimisation combinatoire sur les graphes par les mesures de centralitébcas de "vertex cover"cEgide Ndikuriyo ; sous la dir. de Salomon Mugisha aBujumburabUniversité du Burundi, Faculté des Sciences, Département de Physique, Centre de recherche en Mathématiques et physiquec2023 aXII-53f.c30cm 3Mémoire présenté et défendu publiquement en vue de l'obtention du Diplôme de Master en physique fondamentale et appliquée, Option physique fondamentale 72BI-BuBUaGraphe.Mesure de centralité.Vertex Cover 72BI-BuBUaMémoire1 4diraMugisha, salomon1 4autaUniversité du BurundibFaculté des Sciences, Département de Physique, Centre de recherche en Mathématiques et physiquecBujumburaeaut